Biblioteca

Antinomia entre la cristología juanina y la cristología de la nueva era / José Milton Martínez Quinto (Registro nro. 34295)

Detalles MARC
000 -LÍDER
Campo fijo de descripción fija 007000000a22001570004500
001 - NÚMERO DE CONTROL
Campo de control 3650
100 1# - ASIENTO PRINCIPAL--NOMBRE PERSONAL
Nombre personal Martínez Quinto, José Milton
245 10 - TÍTULO
Título del Material Antinomia entre la cristología juanina y la cristología de la nueva era / José Milton Martínez Quinto
260 ## - PUBLICACIÓN, DISTRIBUCIÓN, ETC. (PIE DE IMPRENTA)
Lugar de publicación, distribución, etc. Medellín, Colombia
300 ## - DESCRIPCIÓN FÍSICA
Extensión 88 Pag
500 ## - NOTA GENERAL
Nota General Tesis (licenciatura)--Seminario Bíblico de Colombia
942 ## - TIPO DE MATERIAL (KOHA)
Tipo de Item KOHA Libros General
Existencias
Estado de Material Estado de Perdido Estado de Dañado No para Préstamo Colección Tomo Biblioteca de Origen Biblioteca Permanente Fecha de Adquisición Total de Préstamos Signatura Topográfica Código de Barras Última vez visto Ejemplar/Existencia Fecha de Remplazo Tipo de Material
        Trabajos de grado   Biblioteca FUSBC Biblioteca FUSBC 02/12/2004   T M3669a 11480 12/12/2019 1 26/01/2016 Trabajos de Grado

Biblioteca FUSBC | Teléfono: (57+4) 349 88 10 Ext. 141| WhatsApp (+57) 3005338115 
E-mail: biblioteca@unisbc.edu.co | Calle 76 87-14 Robledo Palenque, Medellín, Colombia

Con tecnología Koha